000 00397nam a22001577a 4500
999 _c10435
_d10435
003 OSt
008 210209b ||||| |||| 00| 0 eng d
020 _a9788125600756
100 _aAGARWAL,S.P
245 _aPharmaceutical Jurisprudence and Ethics
250 _a5th
260 _aNew Delhi
_bBirla Pub
_c2020-21
300 _a276
650 _aPharmaceutical Jurisprudence
942 _2ddc
_cBK
_028